Starnutie populácie a jeho dopad na poskytované verejné sociálne služby bakalárska práca

Gespeichert in:
Bibliographische Detailangaben
1. Verfasser: Leščinský, Viktor
Körperschaft: Národohospodárska fakulta EU. Katedra sociálneho rozvoja a práce
Weitere Verfasser: Ošková, Silvia, 1979-
Format: Buch
Sprache:Slowakisch
Veröffentlicht: Bratislava 2025
Tags: Tag hinzufügen
Keine Tags, Fügen Sie das erste Tag hinzu!

MARC

LEADER 00000nbm a2200000 4500
001 0309273
005 20251028082226.4
041 0 |a slo 
044 |a SK 
245 1 0 |a Starnutie populácie a jeho dopad na poskytované verejné sociálne služby  |b bakalárska práca  |c Viktor Leščinský ; školiteľ: Silvia Šipikalová 
264 1 |a Bratislava  |c 2025 
300 |a 51 s. 
100 1 |a Leščinský, Viktor 
700 1 |a Ošková, Silvia, 1979- 
710 2 |a Národohospodárska fakulta EU. Katedra sociálneho rozvoja a práce